| 000 | 00578nam a2200181 i 4500 | ||
|---|---|---|---|
| 001 | 140679 | ||
| 003 | ES-MaACL | ||
| 005 | 20230906200129.0 | ||
| 007 | t| | ||
| 008 | 070914s1969 sp ||||1| spa d | ||
| 100 | 1 |
_aWelbourn, D. B. _9116432 |
|
| 245 | 1 | 0 |
_aFundamentos de la dinámica de las máquinas-herramientas / _cpor D. B. Welbourn, J. D. Smith ; traducido por J. Agullo. |
| 260 |
_aBarcelona : _bMarcombo, _c[1969] |
||
| 300 |
_a160 p. : _bil. ; _c22 cm. |
||
| 700 | 1 |
_aSmith, J. D. _9106886 |
|
| 700 | 1 |
_aAgulló, J. _918901 |
|
| 852 |
_aES-MaACL _jC-47818 _bR.71514 |
||
| 999 |
_c140679 _d140679 |
||